| 000 | 00355nam a22001457a 4500 | ||
|---|---|---|---|
| 999 |
_c4251 _d4251 |
||
| 008 | 200728b ||||| |||| 00| 0 eng d | ||
| 082 | 0 | 0 |
_a621.4 _bA4251 |
| 100 |
_91555 _aAllen, John R. |
||
| 245 | 1 | 0 |
_aHeat engines _cby John R. Allen |
| 260 |
_aLondon _bMacGraw-Hill _c1952 |
||
| 300 | _a200 p. | ||
| 365 | _d27.00 | ||
| 650 | 0 | _aHeat Engines | |
| 942 | _cBK | ||